00789nam a2200193Ia 4500001001000000003000500010008004100015010001100056040000900067100003300076245018700109260003400296300001000330502009200340650002400432650003800456650005100494710005000545Para_9101CHAP220125s2006 xx 000 0 und d a207824 cCHAP aMariscal Amaro, Luis Antonio aGenética de la resistencia a roya de la hoja (Puccinia triticina E.) en líneas elite de trigo duro (Triticum turgidum va. durum L.) para riego /c por Luis Antonio Mariscal Amaro aChapingo, Méx. :b el autor a41 h. aTesis (M.C. Esp. en Protección Vegetal) UACh. Departamento Parasitología Agrícola aPuccinia triticina  aTrigo x enfermedades por hongos  aTrigo x variedades resistentes a enfermedades aUACh. Departamento Parasitología Agrícola